L'Église de la cathédrale et de la croisade / (Record no. 169870)

MARC details
000 -LEADER
campo de control de longitud fija 00913nam a2200265 i 4500
001 - NÚMERO DE CONTROL
campo de control 169870
003 - IDENTIFICADOR DE NÚMERO DE CONTROL
campo de control ES-MaACL
005 - FECHA Y HORA DE LA ÚLTIMA TRANSACCIÓN
campo de control 20250829045449.0
008 - DATOS DE LONGITUD FIJA--INFORMACIÓN GENERAL
campo de control de longitud fija 081210s1952 fr |||| | fre d
020 ## - NÚMERO INTERNACIONAL ESTÁNDAR DEL LIBRO
Número Internacional Estándar del Libro Nº877, 3e trim.1952
080 ## - NÚMERO DE LA CLASIFICACIÓN DECIMAL UNIVERSAL
Número de la Clasificación Decimal Universal 27"04/14"
100 0# - ENTRADA PRINCIPAL--NOMBRE DE PERSONA
Nombre de persona Daniel-Rops.
9 (RLIN) 42631
245 12 - MENCIÓN DEL TÍTULO
Título L'Église de la cathédrale et de la croisade /
Mención de responsabilidad, etc. Daniel-Rops.
250 ## - MENCION DE EDICION
Mención de edición Fayard, 87e éd.
260 ## - PUBLICACIÓN, DISTRIBUCIÓN, ETC.
Lugar de publicación, distribución, etc. Paris :
Nombre del editor, distribuidor, etc. Anthème Fayard,
Fecha de publicación, distribución, etc. 1952 (
Fabricante Firmin-Didot)
300 ## - DESCRIPCIÓN FÍSICA
Extensión 830 p. ;
Dimensiones 19 cm.
490 1# - MENCIÓN DE SERIE
Mención de serie Les grandes études historiques. Histoire de l'église du Christ ;
Designación de volumen o secuencia 3
500 ## - NOTA GENERAL
Nota general Índices.
504 ## - NOTA DE BIBLIOGRAFÍA, ETC.
Nota de bibliografía, etc. Bibliografía.
595 ## -
-- En cub.: 66e éd.
650 #4 - PUNTO DE ACCESO ADICIONAL DE MATERIA--TÉRMINO DE MATERIA
Término de materia o nombre geográfico como elemento de entrada Historia eclesiástica-
Subdivisión cronológica S.VII-XV.
9 (RLIN) 139061
830 04 - PUNTO DE ACCESO ADICIONAL DE SERIE-TÍTULO UNIFORME
Título uniforme Les grandes études historiques
Designación de volumen o secuencia 3
9 (RLIN) 184869
852 4# - LOCALIZACIÓN
Ubicación ES-MaACL
Número de control de estantería E-12353
itemnumber R.140503
Nota libre - Biblioteca Jacinto Martínez Lacalle
Holdings
Estatus retirado Estado de pérdida Estado de daño No para préstamo Biblioteca de origen Biblioteca actual Ubicación en estantería Fecha de adquisición Fuente de adquisición Total de préstamos Signatura topográfica completa Código de barras Visto por última vez Precio de reemplazo Tipo de ítem Koha
        Biblioteca del Ateneo de Madrid Biblioteca del Ateneo de Madrid Depósito 2 10/12/2008     E-12353 1178345 23/02/2023 23/02/2023 Libro impreso